00313nam a2200133Ia 4500008004100000020001800041082001700059100002100076245003400097250000900131260002300140300000800163650000800171191201s2008 xx 000 0 und d a9780074631218 a005.133bFAS aFAIRLEY, Richard 0aSoftware Engineering Concepts aRep. aN.DelhibTMHc2008 a364 aMCA